| 000 | nam a22 7a 4500 | ||
|---|---|---|---|
| 999 |
_c232820 _d232820 |
||
| 003 | Nust | ||
| 005 | 20170223150715.0 | ||
| 008 | 170223b xxu||||| |||| 00| 0 eng d | ||
| 020 | _a9788129115522 | ||
| 040 | _cNust | ||
| 082 |
_a823 _bJAI |
||
| 100 | _a Jain, Ajay Mohan | ||
| 245 |
_aNothing can be as crazy- _cby Ajay Mohan Jain |
||
| 260 |
_aNew Delhi: _bRupa G. _c2010 |
||
| 300 | _a244 p. | ||
| 650 | _aCity and town life | ||
| 942 |
_2ddc _cBK |
||